UEFA Euro 2024 First XIs - Statistics

General Stats
  • This quiz has been taken 1,889 times
    1,869 since last reset
  • The average score is 116 of 264
Answer Stats
Answer % Correct
England Harry Kane
95%
England Jude Bellingham
94%
England Jordan Pickford
93%
England Bukayo Saka
92%
England Kyle Walker
92%
England John Stones
91%
England Phil Foden
91%
England Declan Rice
89%
France Kylian Mbappé
88%
Germany Manuel Neuer
88%
Netherlands Virgil van Dijk
88%
Croatia Luka Modrić
87%
France Antoine Griezmann
86%
Netherlands Cody Gakpo
86%
Portugal Cristiano Ronaldo
86%
Belgium Kevin De Bruyne
86%
Germany Antonio Rüdiger
84%
France Mike Maignan
84%
France N'Golo Kanté
84%
Spain Rodri
84%
France Theo Hernández
84%
France William Saliba
84%
Italy Gianluigi Donnarumma
83%
Spain Lamine Yamal
83%
Netherlands Nathan Aké
83%
Spain Unai Simón
83%
Portugal Bruno Fernandes
82%
Spain Dani Carvajal
82%
France Jules Koundé
82%
Germany Kai Havertz
82%
France Ousmane Dembélé
82%
Germany Toni Kroos
82%
England Kieran Trippier
81%
Spain Nico Williams
81%
Spain Pedri
81%
Portugal Rúben Dias
81%
Portugal Bernardo Silva
80%
Netherlands Denzel Dumfries
80%
Belgium Jérémy Doku
80%
Spain Marc Cucurella
80%
Belgium Romelu Lukaku
80%
France Dayot Upamecano
79%
Germany Joshua Kimmich
79%
Croatia Joško Gvardiol
79%
Croatia Mateo Kovačić
79%
Germany Florian Wirtz
78%
Portugal Rafael Leão
78%
Spain Álvaro Morata
77%
Denmark Christian Eriksen
77%
England Marc Guéhi
77%
Switzerland Manuel Akanji
76%
France Marcus Thuram
76%
Denmark Rasmus Højlund
76%
Switzerland Yann Sommer
76%
Scotland Andrew Robertson
75%
Hungary Dominik Szoboszlai
75%
Germany Jamal Musiala
75%
Germany Jonathan Tah
75%
Belgium Leandro Trossard
75%
France Adrien Rabiot
74%
Denmark Andreas Christensen
73%
Italy Jorginho
73%
Netherlands Memphis Depay
73%
Germany İlkay Gündoğan
72%
Georgia Khvicha Kvaratskhelia
72%
Scotland Scott McTominay
72%
Netherlands Stefan de Vrij
72%
Portugal Vitinha
72%
Ukraine Andriy Lunin
71%
Türkiye Arda Güler
71%
Portugal Diogo Dalot
71%
Italy Nicolò Barella
71%
Netherlands Xavi Simons
71%
Austria Marcel Sabitzer
70%
Ukraine Mykhailo Mudryk
69%
Italy Alessandro Bastoni
68%
Switzerland Granit Xhaka
68%
Portugal Diogo Costa
67%
Spain Fabián Ruiz
67%
Ukraine Oleksandr Zinchenko
67%
England Trent Alexander-Arnold
67%
Serbia Dušan Vlahović
66%
Croatia Marcelo Brozović
66%
Spain Nacho
66%
Czech Republic Patrik Schick
66%
Portugal Pepe
66%
Poland Wojciech Szczęsny
66%
Italy Federico Dimarco
65%
Türkiye Hakan Çalhanoğlu
65%
Serbia Aleksandar Mitrović
63%
Slovenia Jan Oblak
63%
Italy Giovanni Di Lorenzo
62%
Belgium Amadou Onana
61%
Switzerland Fabian Schär
61%
Georgia Giorgi Mamardashvili
61%
Poland Jakub Kiwior
61%
Spain Robin Le Normand
61%
Serbia Sergej Milinković-Savić
61%
Netherlands Tijjani Reijnders
61%
Czech Republic Tomáš Souček
61%
Slovenia Benjamin Šeško
60%
Belgium Koen Casteels
60%
Slovakia Martin Dúbravka
60%
Slovakia Milan Škriniar
60%
Denmark Pierre-Emile Højbjerg
60%
Albania Armando Broja
59%
Austria Konrad Laimer
59%
Poland Piotr Zieliński
59%
Netherlands Bart Verbruggen
58%
Italy Federico Chiesa
58%
Portugal João Cancelo
58%
Belgium Wout Faes
58%
Denmark Kasper Schmeichel
57%
Hungary Péter Gulácsi
57%
Croatia Andrej Kramarić
56%
Croatia Dominik Livaković
56%
Romania Denis Drăguș
55%
Germany Robert Andrich
55%
Scotland John McGinn
54%
Portugal Nuno Mendes
54%
Slovakia Stanislav Lobotka
54%
Hungary Willy Orbán
54%
Ukraine Artem Dovbyk
53%
Romania Radu Drăgușin
53%
Türkiye Kenan Yıldız
52%
Italy Riccardo Calafiori
52%
Belgium Timothy Castagne
49%
Czech Republic Vladimír Coufal
49%
Serbia Filip Kostić
48%
Romania Dennis Man
44%
Scotland Kieran Tierney
44%
Poland Jan Bednarek
43%
Italy Lorenzo Pellegrini
43%
Scotland Che Adams
42%
Denmark Joachim Andersen
42%
Albania Elseid Hysaj
41%
Italy Gianluca Scamacca
41%
Albania Thomas Strakosha
41%
Croatia Ante Budimir
40%
Georgia Georges Mikautadze
39%
Germany Maximilian Mittelstädt
37%
Hungary Milos Kerkez
37%
Austria Christoph Baumgartner
36%
Croatia Josip Stanišić
36%
Poland Nicola Zalewski
35%
Türkiye Orkun Kökçü
35%
Switzerland Ricardo Rodríguez
35%
Albania Berat Djimsiti
34%
Serbia Nemanja Gudelj
34%
Serbia Nikola Milenković
34%
Austria Kevin Danso
33%
Slovakia Dávid Hancko
32%
Albania Kristjan Asllani
32%
Switzerland Remo Freuler
32%
Hungary Barnabás Varga
31%
Denmark Jannik Vestergaard
31%
Ukraine Viktor Tsygankov
31%
Türkiye Barış Alper Yılmaz
30%
Ukraine Illia Zabarnyi
29%
Poland Przemysław Frankowski
29%
Croatia Josip Šutalo
28%
Belgium Yannick Carrasco
28%
Netherlands Jerdy Schouten
27%
Denmark Jonas Wind
27%
Denmark Morten Hjulmand
27%
Switzerland Rubén Vargas
27%
Denmark Alexander Bah
26%
Switzerland Dan Ndoye
26%
Netherlands Joey Veerman
26%
Scotland Angus Gunn
25%
Scotland Ryan Christie
25%
Serbia Saša Lukić
25%
Austria Stefan Posch
25%
Hungary Roland Sallai
24%
Serbia Strahinja Pavlović
24%
Hungary Attila Szalai
23%
Italy Davide Frattesi
23%
Croatia Lovro Majer
23%
Belgium Orel Mangala
23%
Scotland Callum McGregor
22%
Türkiye Ferdi Kadıoğlu
21%
Romania Nicolae Stanciu
21%
Austria Michael Gregoritsch
20%
Serbia Predrag Rajković
20%
Poland Sebastian Szymański
20%
Belgium Zeno Debast
18%
Romania Marius Marin
17%
Romania Răzvan Marin
17%
Switzerland Michel Aebischer
16%
Slovakia Peter Pekarík
16%
Ukraine Taras Stepanenko
16%
Austria Nicolas Seiwald
15%
Slovakia Ondrej Duda
15%
Switzerland Silvan Widmer
15%
Romania Andrei Rațiu
14%
Serbia Andrija Živković
14%
Scotland Jack Hendry
14%
Slovenia Jaka Bijol
14%
Croatia Marin Pongračić
14%
Albania Nedim Bajrami
14%
Denmark Victor Kristiansen
14%
Poland Adam Buksa
13%
Romania Florinel Coman
13%
Austria Maximilian Wöber
13%
Türkiye Mert Günok
12%
Slovakia Juraj Kucka
12%
Scotland Ryan Porteous
12%
Slovenia Andraž Šporar
11%
Slovakia Denis Vavro
11%
Austria Florian Grillitsch
11%
Ukraine Georgiy Sudakov
11%
Slovakia Ivan Schranz
11%
Poland Kacper Urbański
11%
Türkiye Mert Müldür
11%
Serbia Miloš Veljković
11%
Ukraine Mykola Shaparenko
11%
Austria Philipp Mwene
11%
Hungary András Schäfer
10%
Switzerland Kwadwo Duah
10%
Türkiye Abdülkerim Bardakcı
9%
Hungary Ádám Nagy
9%
Scotland Anthony Ralston
9%
Slovakia Lukáš Haraslín
9%
Austria Patrick Pentz
9%
Hungary Ádám Lang
8%
Albania Ylber Ramadani
8%
Slovenia Erik Janža
7%
Romania Florin Niță
7%
Georgia Giorgi Chakvetadze
7%
Georgia Guram Kashia
7%
Albania Jasir Asani
7%
Czech Republic Ladislav Krejčí
7%
Czech Republic Lukáš Provod
7%
Slovakia Róbert Boženík
7%
Hungary Attila Fiola
6%
Poland Bartosz Salamon
6%
Georgia Giorgi Kochorashvili
6%
Türkiye Kaan Ayhan
6%
Albania Mario Mitaj
6%
Türkiye Samet Akaydin
6%
Poland Taras Romanczuk
6%
Czech Republic Tomáš Holeš
6%
Slovenia Adam Gnezda Čerin
5%
Albania Arlind Ajeti
5%
Czech Republic Jindřich Staněk
5%
Georgia Otar Kakabadze
5%
Slovenia Petar Stojanović
5%
Ukraine Yukhym Konoplya
5%
Slovenia Žan Karničnik
5%
Czech Republic Jan Kuchta
4%
Ukraine Mykola Matviyenko
4%
Slovenia Timi Elšnik
4%
Romania Andrei Burcă
3%
Slovenia Jan Mlakar
3%
Georgia Lasha Dvali
3%
Romania Nicușor Bancu
3%
Czech Republic Pavel Šulc
3%
Czech Republic Robin Hranáč
3%
Albania Taulant Seferi
3%
Slovenia Vanja Drkušić
3%
Georgia Giorgi Tsitaishvili
2%
Georgia Anzor Mekvabishvili
1%
Czech Republic David Douděra
1%
Georgia Solomon Kvirkvelia
1%
No matching quizzes found
Score Distribution
Percent of People with Each Score
Percentile by Number Answered
Your Score History
You have not taken this quiz since the last reset